Auto mechanics (Record no. 35327)

MARC details
000 -LEADER
fixed length control field 00507nam a2200157 a 4500
008 - FIXED-LENGTH DATA ELEMENTS--GENERAL INFORMATION
fixed length control field 120416s0000 ||||||||||||||||| || u
020 ## - INTERNATIONAL STANDARD BOOK NUMBER
International Standard Book Number 0026623803
050 ## - LIBRARY OF CONGRESS CALL NUMBER
Classification number TL 152 Gle
100 ## - MAIN ENTRY--PERSONAL NAME
Personal name Glenn, Harold
245 10 - TITLE STATEMENT
Title Auto mechanics
250 ## - EDITION STATEMENT
Edition statement 3rd ed.
260 ## - PUBLICATION, DISTRIBUTION, ETC.
Place of publication, distribution, etc. California
Name of publisher, distributor, etc. Bennet & McKnight
Date of publication, distribution, etc. 1976
300 ## - PHYSICAL DESCRIPTION
Extent 551p. : ill.
350 ## - PRICE (NR) (BK AM CF MU VM SE) [OBSOLETE]
Price 0.00
995 ## - RECOMMENDATION 995 [LOCAL, UNIMARC FRANCE]
-- 0.00
-- CBU-MAIN LIBRARY (Kitwe)
-- 1
-- 17.28
-- AVAILABLE
-- Annex Low-Usage Collection
Holdings
Withdrawn status Lost status Source of classification or shelving scheme Damaged status Not for loan Home library Current library Shelving location Date acquired Total Checkouts Full call number Barcode Date last seen Price effective from Koha item type
          CBU-MAIN LIBRARY, KITWE. CBU-MAIN LIBRARY, KITWE.   11/30/2022   TL 152 Gle 011699 11/30/2022 11/30/2022 MONOGRAPH